UM Logo

WSS banana online ordering system/ (Record no. 3642)

MARC details
000 -LEADER
fixed length control field 00569nam a22001577a 4500
008 - FIXED-LENGTH DATA ELEMENTS--GENERAL INFORMATION
fixed length control field 160801b xxu||||| |||| 00| 0 eng d
082 ## - DEWEY DECIMAL CLASSIFICATION NUMBER
Edition number 2014
Classification number UT 0550
Item number F39
100 ## - MAIN ENTRY--PERSONAL NAME
9 (RLIN) 12132
Personal name Fernandez, Marian Eloise.
245 ## - TITLE STATEMENT
Title WSS banana online ordering system/
Statement of responsibility, etc. Marian Eloise Fernandez, John Ford Pacyao and Dabby Shane Zafra.
260 ## - PUBLICATION, DISTRIBUTION, ETC. (IMPRINT)
Place of publication, distribution, etc. Digos City;
Name of publisher, distributor, etc. UMDC
Date of publication, distribution, etc. November 2014.
300 ## - PHYSICAL DESCRIPTION
Extent 110 pages;
Dimensions 30 cm
650 #0 - SUBJECT ADDED ENTRY--TOPICAL TERM
9 (RLIN) 12131
Topical term or geographic name as entry element Information Technology
General subdivision Undergraduate thesis.
700 ## - ADDED ENTRY--PERSONAL NAME
9 (RLIN) 12129
Personal name Pacyao, John Ford.
700 ## - ADDED ENTRY--PERSONAL NAME
9 (RLIN) 12130
Personal name Zafra, Dabby Shane.
942 ## - ADDED ENTRY ELEMENTS (KOHA)
Source of classification or shelving scheme Dewey Decimal Classification
Koha item type Undergraduate Thesis
Holdings
Withdrawn status Lost status Source of classification or shelving scheme Damaged status Not for loan Collection code Home library Current library Date acquired Total Checkouts Full call number Barcode Date last seen Price effective from Koha item type
    Dewey Decimal Classification     Undergraduate Theses UM Digos College - LIC UM Digos College - LIC 08/01/2016   UT 0550 F39 2014 UT0550 08/01/2016 08/01/2016 Undergraduate Thesis